<?xml version="1.0" encoding="UTF-8"?>
<record
    xmlns:xsi="http://www.w3.org/2001/XMLSchema-instance"
    xsi:schemaLocation="http://www.loc.gov/MARC21/slim http://www.loc.gov/standards/marcxml/schema/MARC21slim.xsd"
    xmlns="http://www.loc.gov/MARC21/slim">

  <leader>01641nam a22003017a 4500</leader>
  <controlfield tag="001">5235</controlfield>
  <controlfield tag="003">FISKH</controlfield>
  <controlfield tag="005">20241120144543.0</controlfield>
  <controlfield tag="008">241120b        cb ||||| |||| 00| 0 eng d</controlfield>
  <datafield tag="020" ind1=" " ind2=" ">
    <subfield code="a">0676971008</subfield>
  </datafield>
  <datafield tag="040" ind1=" " ind2=" ">
    <subfield code="a">FISKH</subfield>
    <subfield code="b">eng</subfield>
    <subfield code="c">FISKH</subfield>
    <subfield code="d">FISKH</subfield>
  </datafield>
  <datafield tag="050" ind1=" " ind2=" ">
    <subfield code="a">PR9199.A49</subfield>
  </datafield>
  <datafield tag="082" ind1=" " ind2=" ">
    <subfield code="a">813.54</subfield>
  </datafield>
  <datafield tag="100" ind1=" " ind2=" ">
    <subfield code="a">Dargatz, Gail Anderson</subfield>
  </datafield>
  <datafield tag="245" ind1=" " ind2=" ">
    <subfield code="a">A Recipe for Bees /</subfield>
    <subfield code="c">by Gail Anderson-Dargatz</subfield>
  </datafield>
  <datafield tag="260" ind1=" " ind2=" ">
    <subfield code="a">Toronto :</subfield>
    <subfield code="b">Alfred A.Knopf Canada ;</subfield>
    <subfield code="c">1998 .</subfield>
  </datafield>
  <datafield tag="300" ind1=" " ind2=" ">
    <subfield code="a">311 pages : </subfield>
    <subfield code="b">illustrations ;</subfield>
    <subfield code="c">23 cm . </subfield>
  </datafield>
  <datafield tag="505" ind1=" " ind2=" ">
    <subfield code="a">X 
</subfield>
  </datafield>
  <datafield tag="520" ind1=" " ind2=" ">
    <subfield code="a">Gail Anderson-Dargatz's evocative novel of one woman's simple but passionately lived life reminds of us of the pleasure to be found in human contact and simple, natural things. Raised by her silent but companionable father and a mother who kept bees, headstrong Augusta marries shy, deferential Karl, twelve years her senior, and goes to live with him on his father's remote farm. Terrified that she will literally die from loneliness and isolation, she finds work in town, and for a short time, fulfillment with another man in a romance that will reverberate throughout her life. Not until many years later does she find her salvation in beekeeping, the practice she first learned from her mother. It is beekeeping that reconnects her to the world and at long last brings fire to her steadfast marriage.</subfield>
  </datafield>
  <datafield tag="521" ind1="8" ind2=" ">
    <subfield code="a">890 
</subfield>
    <subfield code="b">Lexile estimate 

</subfield>
  </datafield>
  <datafield tag="521" ind1="8" ind2=" ">
    <subfield code="a">X 
</subfield>
    <subfield code="b">Raz-Plus 
</subfield>
  </datafield>
  <datafield tag="650" ind1=" " ind2=" ">
    <subfield code="a">beekeeping</subfield>
    <subfield code="v">non-fiction</subfield>
  </datafield>
  <datafield tag="650" ind1=" " ind2=" ">
    <subfield code="a">Canadian</subfield>
    <subfield code="v">non-fiction</subfield>
  </datafield>
  <datafield tag="650" ind1=" " ind2=" ">
    <subfield code="a">British Columbia</subfield>
    <subfield code="v">non-fiction</subfield>
  </datafield>
  <datafield tag="700" ind1=" " ind2=" ">
    <subfield code="a">Boyce, Pleuke</subfield>
    <subfield code="e">translator</subfield>
  </datafield>
  <datafield tag="942" ind1=" " ind2=" ">
    <subfield code="2">ddc</subfield>
    <subfield code="c">BK</subfield>
    <subfield code="n">0</subfield>
  </datafield>
  <datafield tag="999" ind1=" " ind2=" ">
    <subfield code="c">5235</subfield>
    <subfield code="d">5235</subfield>
  </datafield>
  <datafield tag="952" ind1=" " ind2=" ">
    <subfield code="0">0</subfield>
    <subfield code="1">0</subfield>
    <subfield code="2">ddc</subfield>
    <subfield code="4">0</subfield>
    <subfield code="7">0</subfield>
    <subfield code="8">FIC</subfield>
    <subfield code="a">002</subfield>
    <subfield code="b">002</subfield>
    <subfield code="c">SBS</subfield>
    <subfield code="d">2024-11-20</subfield>
    <subfield code="l">2</subfield>
    <subfield code="o">DAR 813.54 PR9199.A49</subfield>
    <subfield code="p">FISSE03392</subfield>
    <subfield code="r">2026-01-08 10:21:24</subfield>
    <subfield code="s">2026-01-06</subfield>
    <subfield code="w">2024-11-20</subfield>
    <subfield code="y">BK</subfield>
  </datafield>
</record>
